000 00384 a2200109 4500
001 ART_52671
005 20260410161822.0
008 260409a
245 1 0 _a¿Qué consecuencia provoca si la fiscalización es la primera etapa de un proceso penal?
100 1 _aVega, Gerardo E.
773 0 _tDoctrina Penal Tributaria y Económica
_g- N° 60 (jun. 2021)
_wREV4317
999 _c22480
_d22480